| 000 | 01127nam a22002295i 4500 | ||
|---|---|---|---|
| 001 | 48714 | ||
| 003 | ES-MaACL | ||
| 005 | 20251013203319.0 | ||
| 007 | t| | ||
| 008 | 940202m18661868sp ||||1| spa d | ||
| 245 | 0 | 0 |
_aDiccionario enciclopédico de la teología católica : _bredactado por los más sabios profesores y doctores en teología de la Alemania católica moderna / _cpublicado bajo la dirección del Dr. Wetzer y del Dr. Welte ; traducido y aumentado con la parte correspondiente a la Iglesia de España por la Sociedad Católica, bajo la dirección del Dr. D. José Hernández Ardieta [y D. Tomás de la Riva] ; versión castellana por Juan Clares Fuentes. |
| 260 |
_aMadrid : _b[s.n.], _c1866-1868 ( _fImp. de J. Fernández) |
||
| 300 |
_a12 v. ; _c22 cm. |
||
| 650 | 4 |
_aTeología- _vDiccionarios _917458 |
|
| 700 | 1 |
_aWetzer, Heinrich Joseph. _9116593 |
|
| 700 | 1 |
_aWelte, Benedikt, _d1805-1885 _9174184 |
|
| 700 | 1 |
_aHernández-Ardieta, José. _962884 |
|
| 700 | 1 |
_aRiva, Tomás de la. _997529 |
|
| 700 | 1 |
_aClares Fuentes, Juan. _939010 |
|
| 852 | 4 |
_aES-MaACL _jB-679-90 |
|
| 999 |
_c48714 _d48714 |
||